000 00385nam a22001577a 4500
003 OSt
005 20211029100708.0
008 211029b |||||||| |||| 00| 0 eng d
020 _a9041193022
040 _aHU
_cDDC
082 _a382.92/WAT
245 _aCOMPLETING THE WORLD TRADING SYSTEM
260 _aCANADA
_bKLUWER LAW
_c1999
300 _axxvi,421P,22CM
942 _2ddc
_cBOOKS
_n0
999 _c15778
_d15778